Agricultural project management: Monitoring and control of implementation. (Record no. 39908)
[ view plain ]
| 000 -LEADER | |
|---|---|
| fixed length control field | 00368nam a2200121Ia 4500 |
| 082 ## - DEWEY DECIMAL CLASSIFICATION NUMBER | |
| Classification number | 65.012.4:631 |
| Item number | SMI |
| 100 ## - MAIN ENTRY--AUTHOR NAME | |
| Personal name | SMITH, Peter |
| 245 #0 - TITLE STATEMENT | |
| Title | Agricultural project management: Monitoring and control of implementation. |
| 260 ## - PUBLICATION, DISTRIBUTION, ETC. (IMPRINT) | |
| Place of publication | London |
| Name of publisher | Elsevier |
| Year of publication | 1984 |
| 650 ## - SUBJECT ADDED ENTRY--TOPICAL TERM | |
| Topical Term | Agricultural project management |
| 942 ## - ADDED ENTRY ELEMENTS (KOHA) | |
| Koha item type | Books |
| Withdrawn status | Lost status | Damaged status | Not for loan | Home library | Current library | Date acquired | Full call number | Accession Number | Koha item type |
|---|---|---|---|---|---|---|---|---|---|
| RRII Library | RRII Library | 16/12/2021 | 65.012.4:631 SMI | 20226 | Books |